| 000 | 00794nam a2200241 a 4500 | ||
|---|---|---|---|
| 001 | 001475960 | ||
| 003 | AR-RoUNCS | ||
| 005 | 20251107135741.0 | ||
| 008 | 251107s1996 ag ao jr 001 0 eng | ||
| 020 | _a0-521-42173 | ||
| 040 |
_aAR-BaBN _bspa _cAR-BaBN _eaacr |
||
| 080 | 1 |
_a811.111(07) _22016 |
|
| 100 | 1 |
_aLittlejohn, Andrew, _d1954- _eautor |
|
| 245 | 1 | 0 |
_aCambridge English for schools : _bworkbook one / _cAndrew Littlejohn & Diana Hicks. |
| 250 | _a1a ed. | ||
| 260 |
_aCambridge : _bCambridge University Press, _c1996. |
||
| 300 |
_a160 p. : _bil., fot. ; _c28 cm. |
||
| 521 | 0 | _aDirigido a estudiantes que inician el aprendizaje de la lengua inglesa. | |
| 650 | 4 |
_aINGLÉS _xENSEÑANZA SECUNDARIA |
|
| 655 | 4 | _aLIBROS DE TEXTO | |
| 700 | 1 |
_aHicks, Diana _eautora |
|
| 942 |
_2udc _cOG _n0 |
||
| 999 |
_c704 _d704 |
||